00500nam a2200157 i 4500001000300000100001900003245005900022260002100081040000800102041000800110942000700118008004100125999001700166856009800183952006100281bg1 aSAMEK, Andrzej 0aProjektowanie procesów technologicznych /cA. Samek. aKraków,c1981. cBPK apol cKS s pl f |000 0 pol  c20057d20057 uhttp://koha.tu.koszalin.pl/cgi-bin/koha/opac-detail.pl?biblionumber=20057yKatalog online BPK 00104070aBPKbBPKcwo28299p01040654s2021-04-30yKS